Οι αναπαραστάσεις των γυναικών στις έντυπες διαφημίσεις και στα κόμικς και η επίδραση τους στη διαμόρφωση αντιλήψεων για το φύλο στους νέους της Κύπρου : μεταπτυχιακή διατριβή

Αποθηκεύτηκε σε:
Λεπτομέρειες βιβλιογραφικής εγγραφής
Κύριος συγγραφέας: Ανδρονίκου, Άντρη
Συγγραφή απο Οργανισμό/Αρχή: Πανεπιστήμιο Αιγαίου Σχολή Ανθρωπιστικών Σπουδών Τμήμα Επιστημών Προσχολικής Αγωγής και Εκπαιδευτικού Σχεδιασμού
Άλλοι συγγραφείς: Γκασούκα, Μαρία (Εισηγητής διατριβής)
Μορφή: Thesis Βιβλίο
Γλώσσα:Greek
Δημοσίευση: 2008.
Θέματα:
Διαθέσιμο Online:http://hdl.handle.net/11610/14079
Ετικέτες: Προσθήκη ετικέτας
Δεν υπάρχουν, Καταχωρήστε ετικέτα πρώτοι!

MARC

LEADER 00000cam a2200000 i 4500
001 1/90704
008 080708s2008 gre d
035 |l 10098804 
040 |a GR-MY-UA  |b gre  |e aacr 
041 0 |a gre 
082 7 |a 305.309   |2 (22) 
100 1 |a Ανδρονίκου, Άντρη. 
245 1 3 |a Οι αναπαραστάσεις των γυναικών στις έντυπες διαφημίσεις και στα κόμικς και η επίδραση τους στη διαμόρφωση αντιλήψεων για το φύλο στους νέους της Κύπρου :   |b μεταπτυχιακή διατριβή /   |c Άντρη Ανδρονίκου ; Γκασούκα Μαρία (επιβλέπουσα).  
260 |c 2008.  
300 |a 278 σ. ;   |c 30 εκ. 
500 |a Μέλη εξεταστικής επιτροπής : Βιτσιλάκη Χρυσή, Βρυωνίδης Μάριος.  
500 |a Περιορισμένη πρόσβαση.  
502 |a Διατριβή (μεταπτυχιακή) – Πανεπιστήμιο Αιγαίου, Ρόδος, 2008. 
504 |a Περιλαμβάνει βιβλιογραφίες.  
610 2 0 |a University of the Aegean  |x Dissertations. 
650 0 0 |a Women in advertising. 
650 0 0 |a Comic books and teenagers. 
650 0 0 |a Gender identity. 
650 0 0 |a Dissertations, Academic  |z Greece. 
700 1 |a Γκασούκα, Μαρία.  |4 ths 
710 2 |a Πανεπιστήμιο Αιγαίου  |b Σχολή Ανθρωπιστικών Σπουδών  |b Τμήμα Επιστημών Προσχολικής Αγωγής και Εκπαιδευτικού Σχεδιασμού. 
852 |a INST  |b RHODES  |c DIATR  |e 20080708  |h 305.309 ΑΝΔ  |p 005400028890  |q 005400028890  |t MTXE  |y 23 
852 |a INST  |b RHODES  |c DIATR  |e 20080708  |h 305.309 ΑΝΔ  |p 005400028891  |q 005400028891  |t MTXE  |y 23 
856 |u http://hdl.handle.net/11610/14079 
901 |a BIBL4-2008-2 
909 |a Ρ  |b 150326 
909 |a Ρ  |b 150327 
924 |a ΑΝΔΡΟΝΙΚΟΥ  |b ΑΝΤΡΗ  |y Ρόδος  |z 2008-06 
970 |a ΜΙΣΣΟΣ  |b ΣΤΑΥΡΟΣ  |z 2008/07/08